000 00343nam a2200133Ia 4500
008 240624s9999 xx 000 0 und d
041 _aeng
082 _a658.408 BRA
100 _aBRAUN DANIELLE
245 _aCORPORATE TRIBE ORGANIZATIONAL LESSONS F
260 _c2019
_aLondon
_bRoutledge
300 _ax, 249 p.; 23 cm.
365 _cBPS
_b31
999 _c31968
_d31968